00252nam a2200109Ia 4500008004100000041000800041082002100049100001900070245002100089260002400110300000800134230411s9999 xx 000 0 und d aeng aX/150/RAD/B07421 aRadheshyam Das aMisdirected Love bVOICEaMumbaic2011 a38p